000 00243 a2200085 4500
020 _a0000000000000
245 _aUpper Primary Level Curriculum Design (Mathematics) Grade 6
260 _bKenya Instititute of Curriculum Development
942 _cBK
999 _c58813
_d58813